De la educación infantil y su crítica : (Record no. 95349)

MARC details
000 -CABECERA
campo de control de longitud fija 00903nam a2200229 a 4500
005 - FECHA Y HORA DE LA ÚLTIMA TRANSACCIÓN
campo de control 20240920064104.0
008 - ELEMENTOS DE LONGITUD FIJA--INFORMACIÓN GENERAL
campo de control de longitud fija 030324s2001 es r 000 0 spa d
020 ## - NÚMERO INTERNACIONAL NORMALIZADO PARA LIBROS
Número Internacional Estándar del Libro 8489042292
035 ## - NÚMERO DE CONTROL DEL SISTEMA
Número de control de sistema UPN01000123168
049 ## - COLECCIÓN
Colección CG
050 #4 - SIGNATURA TOPOGRÁFICA DE LA BIBLIOTECA DEL CONGRESO
Número de clasificación LB1146.2
Número de documento/Ítem S3.3
100 1# - ASIENTO PRINCIPAL--NOMBRE PERSONAL
Nombre de persona Sánchez Blanco, Concepción
9 (RLIN) 33597
245 10 - MENCIÓN DE TÍTULO
Título De la educación infantil y su crítica :
Resto del título reforma, investigación e innovación y formación del profesorado /
Mención de responsabilidad, etc. Concha Sánchez Blanco.
260 ## - PUBLICACIÓN, DISTRIBUCIÓN, ETC.
Lugar de publicación, distribución, etc. Sevilla, Esp. :
Nombre del editor, distribuidor, etc. M.C.E.P.,
Fecha de publicación, distribución, etc. 2001.
300 ## - DESCRIPCIÓN FÍSICA
Extensión 2 v.
440 #0 - MENCIÓN DE SERIE/ASIENTO SECUNDARIO--TÍTULO
Título Colaboración pedagógica ;
Designación de volumen o secuencia 9
505 8# - NOTA DE CONTENIDO CON FORMATO PREESTABLECIDO
Nota de contenido con formato Contenido:
Información miscelánea v.1.
Título Dilemas curriculares, escolaridad temprana y discusión ideológica --
Información miscelánea v.2.
Título Reforma, investigación y formación del profesorado
650 #4 - ASIENTO SECUNDARIO DE MATERIA - TERMINO TEMATICO
Término de materia o nombre geográfico como elemento de entrada Educación de niños
9 (RLIN) 5387
650 #4 - ASIENTO SECUNDARIO DE MATERIA - TERMINO TEMATICO
Término de materia o nombre geográfico como elemento de entrada Psicopedagogía
9 (RLIN) 5085
650 #4 - ASIENTO SECUNDARIO DE MATERIA - TERMINO TEMATICO
Término de materia o nombre geográfico como elemento de entrada MAESTROS EN SERVICIO, FORMACION DE -
Subdivisión geográfica ESPAÑA
9 (RLIN) 878
905 ## - TIPO DE MATERIAL
Tipo de material Libro
Holdings
Estado de retiro Estado de pérdida Fuente del sistema de clasificación o colocación Estado dañado No para préstamo Código de colección Localización permanente Ubicación/localización actual Ubicación en estantería Enumeración/cronología de publicación seriada Total de préstamos Clasificación Código de barras Fecha visto por última vez Número de copia Tipo de ítem Koha Fecha de adquisición Fecha del último préstamo
    Library of Congress Classification     Colección General Bib. Gregorio Torres Quintero Bib. Gregorio Torres Quintero Planta baja v.2 9 LB1146.2 S3.3 214958 31/12/2020 1 Libro    
    Library of Congress Classification     Colección General Bib. Gregorio Torres Quintero Bib. Gregorio Torres Quintero Planta baja v.2 4 LB1146.2 S3.3 210487 23/10/2023 1 Libro 07/10/2023 07/10/2023
    Library of Congress Classification     Colección General Bib. Gregorio Torres Quintero Bib. Gregorio Torres Quintero Planta baja v.1 3 LB1146.2 S3.3 210440 31/12/2020 1 Libro    
    Library of Congress Classification     Colección General Bib. Gregorio Torres Quintero Bib. Gregorio Torres Quintero Planta baja v.1 5 LB1146.2 S3.3 210441 31/12/2020 1 Libro    
    Library of Congress Classification     Colección General Bib. Gregorio Torres Quintero Bib. Gregorio Torres Quintero Planta baja v.1 5 LB1146.2 S3.3 214988 31/12/2020 1 Libro    
    Library of Congress Classification     Colección General Bib. Gregorio Torres Quintero Bib. Gregorio Torres Quintero Planta baja v.2 4 LB1146.2 S3.3 214959 31/12/2020 1 Libro